Départements français et tableau périodique des éléments - 1 - Statistiques

Statistiques générales
  • Ce quiz a été pris 22 fois
  • Le résultat moyen est 10 sur 15
Statistiques - réponses
HINT HINT ANSWER % Correct
Hélium A Aisne
84%
Aluminium B Bouches-du-Rhône
84%
Thorium Y Yonne
84%
Bismuth T Tarn-et-Garonne
79%
Azote A Ardèche
68%
Phosphore C Cantal
68%
Erbium B Bas-Rhin
63%
Baryum M Meuse
63%
Platine S Seine-et-Marne
63%
Vanadium C Côtes-d'Armor
58%
Terbium P Pyrénées-Atlantiques
58%
Tantale S Sarthe
58%
Américium V Val-de-Marne
53%
Thallium S Somme
47%
Hafnium S Saône-et-Loire
42%
Aucun quiz correspondant
Distribution des résultats
% des personnes avec chaque résultat
Percentile par nombre de réponses
Votre historique - résultats
Vous n’avez pas pris ce quiz